Statistiques concernant Pays participant aux Jeux méditérranéens

Cliquez ici pour prendre le quiz!

Statistiques générales

  • Ce quiz a été pris 68 fois
  • Le résultat moyen est 23 sur 25

Statistiques - réponses

Classement Pays Médailles d'or % Correct
3eEspagne274
100%
2eFrance579
100%
1erItalie750
98%
10eMaroc59
98%
9eAlgérie65
98%
6eGrèce165
98%
8eTunisie75
97%
18eChypre8
97%
12eSlovénie27
97%
4eTurquie263
97%
22eLibye2
97%
24eMalte0
95%
11eCroatie30
95%
7eEgypte103
94%
14eRépublique arabe unie23
94%
15eSerbie-et-Monténégro16
94%
20eBosnie-Herzégovine3
89%
13eSyrie26
89%
25eMonaco0
89%
19eAlbanie5
88%
16eLiban13
84%
21eMonténégro2
80%
5eYougoslavie199
77%
17eSerbie9
69%
23eSaint-Marin1
67%

Distribution des résultats

Percentile par nombre de réponses

% des personnes avec chaque résultat

Votre développement - résultats

Vous n’avez pas pris ce quiz